[Event "Sonora op 2nd"]
[Site "Sonora"]
[Date "2024.06.16"]
[Round "6"]
[White "Arruda Filho, Ivo Pereira de"]
[Black "Pinto, David Alberto Alves"]
[Result "0-1"]
[WhiteElo "1807"]
[BlackElo "1800"]
[PlyCount "35"]
[EventDate "2024.06.13"]
[EventType "swiss"]
[EventRounds "6"]
[EventCountry "BRA"]
[SourceTitle "CBM 220 Extra"]
[Source "ChessBase"]
[SourceDate "2024.07.31"]
[SourceVersion "1"]
[SourceVersionDate "2024.07.31"]
[SourceQuality "1"]

1. d4 Nf6 2. Bf4 g6 3. Nf3 Bg7 4. e3 0-0 5. Bd3 d6 6. h3 Nbd7 7. Nc3 Re8 8. 0-0 e5 9. dxe5 dxe5 10. Bg5 h6 11. Bxf6 Nxf6 12. Ne4 c6 13. Bc4 Nxe4 14. Qe2 Be6 15. Bd3 Nd6 16. e4 Qc7 17. Rfd1 Rad8 18. Rab1 0-1

[Event "Sonora op 2nd"]
[Site "Sonora"]
[Date "2024.06.13"]
[Round "1"]
[White "Pinto, David Alberto Alves"]
[Black "Fontoura, Alexandre Souza"]
[Result "1-0"]
[WhiteElo "1800"]
[BlackElo "1878"]
[PlyCount "104"]
[EventDate "2024.06.13"]
[EventType "swiss"]
[EventRounds "6"]
[EventCountry "BRA"]
[SourceTitle "CBM 220 Extra"]
[Source "ChessBase"]
[SourceDate "2024.07.31"]
[SourceVersion "1"]
[SourceVersionDate "2024.07.31"]
[SourceQuality "1"]

1. e4 c5 2. Nf3 d6 3. d4 cxd4 4. Nxd4 Nf6 5. Nc3 a6 6. Bg5 Nbd7 7. Be2 e6 8. Qd2 Be7 9. 0-0-0 Qc7 10. g4 h6 11. Be3 b5 12. a3 Bb7 13. f3 Nb6 14. h4 Nfd7 15. g5 Ne5 16. gxh6 Nbc4 17. hxg7 Rg8 18. Bxc4 Nxc4 19. Qd3 Nxe3 20. Qxe3 Rxg7 21. h5 0-0-0 22. Kb1 Rh8 23. h6 Rgh7 24. Rdg1 Bf8 25. Qg5 Qc5 26. Qf6 Qe5 27. Qxe5 dxe5 28. Nb3 Bxh6 29. Nc5 Be3 30. Rxh7 Rxh7 31. Rg8+ Kc7 32. Nd3 f6 33. Rg6 Rf7 34. Nd1 Bd4 35. c3 Bb6 36. Kc1 Kd6 37. Ne1 Ke7 38. Kd2 Bc6 39. Ne3 Rf8 40. Ng4 Bc7 41. Nh6 Be8 42. Rg7+ Kd6 43. Ng8 Rf7 44. Rxf7 Bxf7 45. Nxf6 Bb8 46. Ng4 Bh5 47. Nf2 a5 48. c4 Be8 49. b4 axb4 50. axb4 Bg6 51. Nh3 Be8 52. cxb5 Bxb5 1-0